| 000 | 00451nam a22001577a 4500 | ||
|---|---|---|---|
| 005 | 20250123083459.0 | ||
| 008 | 250123b |||||||| |||| 00| 0 eng d | ||
| 020 | _a9788181912855 | ||
| 050 | _aR733 HEG | ||
| 100 | _aHegde, BM | ||
| 245 |
_aWhat Doctors Don't Get to Study in Medical School/ _cBM Hegde |
||
| 250 | _a3rd ed. | ||
| 260 |
_aHyderabad, New Delhi _bParas Medical Publisher _c2009 |
||
| 300 |
_a508p. _c21.5cm |
||
| 942 |
_2lcc _cBK _e3rd ed. _n0 |
||
| 999 |
_c2874 _d2874 |
||